[Event "Angers op 4th"]
[Site "Angers"]
[Date "2009.04.17"]
[Round "2"]
[White "Robveille, Ludovic"]
[Black "Mallet, Gregoire"]
[Result "1-0"]
[WhiteElo "1915"]
[BlackElo "1670"]
[PlyCount "43"]
[EventDate "2009.04.17"]
[EventType "swiss"]
[EventRounds "6"]
[EventCountry "FRA"]
[SourceTitle "CBM 129 Extra"]
[Source "ChessBase"]
[SourceDate "2009.05.05"]
[SourceVersion "2"]
[SourceVersionDate "2009.05.20"]
[SourceQuality "1"]

1. d4 d5 2. Nf3 Nf6 3. Bf4 e6 4. e3 c5 5. c3 Nc6 6. Bd3 cxd4 7. exd4 Be7 8. Nbd2 0-0 9. Ne5 Bd7 10. Qf3 a6 11. g4 b5 12. a3 Rc8 13. Qh3 g6 14. Qf3 Na5 15. h4 Nc4 16. Rb1 a5 17. h5 Bc6 18. Bh6 Re8 19. Bxc4 dxc4 20. Nxc6 Qb6 21. Nxe7+ Rxe7 22. Qxf6 1-0